Max Weber : (Record no. 13316)
[ view plain ]
| 000 -LEADER | |
|---|---|
| fixed length control field | 01181cam a22003254a 4500 |
| 001 - CONTROL NUMBER | |
| control field | 13646116 |
| 005 - DATE AND TIME OF LATEST TRANSACTION | |
| control field | 20170418111401.0 |
| 008 - FIXED-LENGTH DATA ELEMENTS--GENERAL INFORMATION | |
| fixed length control field | 040706s2005 mau |rb 001 0 eng |
| 010 ## - LIBRARY OF CONGRESS CONTROL NUMBER | |
| LC control number | 2004052974 |
| 020 ## - INTERNATIONAL STANDARD BOOK NUMBER | |
| International Standard Book Number | 0631214895 (alk. paper) |
| 040 ## - CATALOGING SOURCE | |
| Original cataloging agency | DLC |
| Transcribing agency | DLC |
| Modifying agency | DLC |
| 042 ## - AUTHENTICATION CODE | |
| Authentication code | pcc |
| 043 ## - GEOGRAPHIC AREA CODE | |
| Geographic area code | e-gx--- |
| 050 00 - LIBRARY OF CONGRESS CALL NUMBER | |
| Classification number | HM477.G3 |
| Item number | M39 2005 |
| 082 00 - DEWEY DECIMAL CLASSIFICATION NUMBER | |
| Classification number | 301.092 |
| Edition number | 22 |
| Item number | WEB |
| 245 00 - TITLE STATEMENT | |
| Title | Max Weber : |
| Remainder of title | Readings and Commentary on Modernity / |
| Statement of responsibility, etc | edited by Stephen Kalberg. |
| 246 30 - VARYING FORM OF TITLE | |
| Title proper/short title | Readings and commentary on modernity |
| 260 ## - PUBLICATION, DISTRIBUTION, ETC. (IMPRINT) | |
| Place of publication, distribution, etc | Malden, MA : |
| Name of publisher, distributor, etc | Blackwell Pub., 2005 |
| Date of publication, distribution, etc | 2005. |
| 300 ## - PHYSICAL DESCRIPTION | |
| Extent | xxxiii, 398 p. ; |
| Dimensions | 23 cm. |
| 490 ## - Series Statement | |
| Series statement | Modernity and Society ; |
| Volume/sequential designation | 3 |
| 504 ## - BIBLIOGRAPHY, ETC. NOTE | |
| Bibliography, etc | Includes bibliographical references (p. [377]-382) and indexes. |
| 600 10 - SUBJECT ADDED ENTRY--PERSONAL NAME | |
| Personal name | Weber, Max, |
| Dates associated with a name | 1864-1920. |
| 9 (RLIN) | 11113 |
| 650 #0 - SUBJECT ADDED ENTRY--TOPICAL TERM | |
| Topical term or geographic name as entry element | Sociology |
| General subdivision | History. |
| 9 (RLIN) | 11115 |
| 650 #0 - SUBJECT ADDED ENTRY--TOPICAL TERM | |
| Topical term or geographic name as entry element | Civilization, Modern |
| General subdivision | Philosophy. |
| 9 (RLIN) | 11116 |
| 650 #0 - SUBJECT ADDED ENTRY--TOPICAL TERM | |
| 9 (RLIN) | 11114 |
| Topical term or geographic name as entry element | Sociology |
| Geographic subdivision | Germany |
| General subdivision | History |
| 700 1# - ADDED ENTRY--PERSONAL NAME | |
| Personal name | Weber, Max, |
| Dates associated with a name | 1864-1920. |
| 9 (RLIN) | 11117 |
| 700 1# - ADDED ENTRY--PERSONAL NAME | |
| Personal name | Kalberg, Stephen. |
| 9 (RLIN) | 11118 |
| 942 ## - ADDED ENTRY ELEMENTS (KOHA) | |
| Source of classification or shelving scheme | Dewey Decimal Classification |
| Item type | Book - Borrowing |
| Withdrawn status | Item status | Source of classification or shelving scheme | Damaged status | Not for loan | Vendor | Home library | Current library | Shelving location | Date acquired | Source of acquisition | Cost, normal purchase price | Serial Enumeration / chronology | Total Checkouts | Total Renewals | Full call number | Barcode | Date last seen | Date last borrowed | Koha item type |
|---|---|---|---|---|---|---|---|---|---|---|---|---|---|---|---|---|---|---|---|
| Dewey Decimal Classification | AUC | Central Library | Central Library | First floor | 08/02/2010 | 20.00 | 2 | 7 | 6 | 301.092 WEB | 000019158 | 15/07/2025 | 05/12/2018 | Book - Borrowing |